<?xml version="1.0" encoding="UTF-8"?>
<record
    xmlns:xsi="http://www.w3.org/2001/XMLSchema-instance"
    xsi:schemaLocation="http://www.loc.gov/MARC21/slim http://www.loc.gov/standards/marcxml/schema/MARC21slim.xsd"
    xmlns="http://www.loc.gov/MARC21/slim">

  <leader>01519nam a2200289 a 4500</leader>
  <controlfield tag="008">160510e2015    arg||||| |||| 00| 0 spa d</controlfield>
  <datafield tag="020" ind1=" " ind2=" ">
    <subfield code="a">9789879831397</subfield>
  </datafield>
  <datafield tag="092" ind1=" " ind2=" ">
    <subfield code="c">500.82</subfield>
    <subfield code="l">22</subfield>
    <subfield code="s">EST</subfield>
  </datafield>
  <datafield tag="110" ind1="1" ind2=" ">
    <subfield code="a">Ministerio de Ciencia, Tecnolog&#xED;a e Innovaci&#xF3;n Productiva de la Naci&#xF3;n.</subfield>
    <subfield code="9">3066</subfield>
  </datafield>
  <datafield tag="245" ind1=" " ind2=" ">
    <subfield code="a">Estado y perspectivas de las ciencias exactas, fisicas y naturales en Argentina.</subfield>
    <subfield code="b">Proyecto conjunto de la Academia Nacional de Ciencias Exactas, F&#xED;sicas y Naturales y la Academia de Ciencias /</subfield>
    <subfield code="c">Ministerio de Ciencia, Tecnolog&#xED;a e Innovaci&#xF3;n Productiva de la Naci&#xF3;n</subfield>
  </datafield>
  <datafield tag="250" ind1=" " ind2=" ">
    <subfield code="a">1a ed.</subfield>
  </datafield>
  <datafield tag="260" ind1=" " ind2=" ">
    <subfield code="a">Buenos Aires:</subfield>
    <subfield code="b">Ministerio de Ciencia, Tecnologia e Innovacion Productiva de la Nacion;</subfield>
    <subfield code="c">2015.</subfield>
  </datafield>
  <datafield tag="300" ind1=" " ind2=" ">
    <subfield code="a">455 p.</subfield>
  </datafield>
  <datafield tag="500" ind1=" " ind2=" ">
    <subfield code="a">Ministerio de Ciencia, Tecnolog&#xED;a e Innovaci&#xF3;n Productiva de la Naci&#xF3;n. (2015). Estado y perspectiva de la ciencias exactas, f&#xED;sicas y naturales en Argentina. Proyecto conjunto de la Academia Nacional de Ciencias Exactas, F&#xED;sicas y Naturales y la Academia de Ciencias. (1a ed.). Buenos Aires : Ministerio de Ciencia, Tecnolog&#xED;a e Innovaci&#xF3;n Productiva de la Naci&#xF3;n.</subfield>
  </datafield>
  <datafield tag="653" ind1=" " ind2=" ">
    <subfield code="a">Ciencias exactas, fisicas y naturales</subfield>
  </datafield>
  <datafield tag="653" ind1=" " ind2=" ">
    <subfield code="a">Astronomia</subfield>
  </datafield>
  <datafield tag="653" ind1=" " ind2=" ">
    <subfield code="a">Biologia de sistemas </subfield>
  </datafield>
  <datafield tag="653" ind1=" " ind2=" ">
    <subfield code="a">Ciencias de la Computacion</subfield>
  </datafield>
  <datafield tag="653" ind1=" " ind2=" ">
    <subfield code="a">Fisica</subfield>
  </datafield>
  <datafield tag="653" ind1=" " ind2=" ">
    <subfield code="a">Geologia</subfield>
  </datafield>
  <datafield tag="653" ind1=" " ind2=" ">
    <subfield code="a">Matematica</subfield>
  </datafield>
  <datafield tag="655" ind1=" " ind2=" ">
    <subfield code="a">Oceanografia</subfield>
    <subfield code="9">3067</subfield>
  </datafield>
  <datafield tag="655" ind1=" " ind2=" ">
    <subfield code="a">Paleontologia</subfield>
    <subfield code="9">3068</subfield>
  </datafield>
  <datafield tag="655" ind1=" " ind2=" ">
    <subfield code="a">Quimica</subfield>
    <subfield code="9">3069</subfield>
  </datafield>
  <datafield tag="655" ind1=" " ind2=" ">
    <subfield code="a">Quimica biologica y Biologia molecular</subfield>
    <subfield code="9">3070</subfield>
  </datafield>
  <datafield tag="942" ind1=" " ind2=" ">
    <subfield code="2">ddc</subfield>
    <subfield code="c">BK</subfield>
  </datafield>
  <datafield tag="999" ind1=" " ind2=" ">
    <subfield code="c">2260</subfield>
    <subfield code="d">2260</subfield>
  </datafield>
  <datafield tag="952" ind1=" " ind2=" ">
    <subfield code="0">0</subfield>
    <subfield code="1">0</subfield>
    <subfield code="2">ddc</subfield>
    <subfield code="4">0</subfield>
    <subfield code="7">0</subfield>
    <subfield code="8">NFIC</subfield>
    <subfield code="a">BFM</subfield>
    <subfield code="b">BFM</subfield>
    <subfield code="c">CR</subfield>
    <subfield code="d">2016-05-10</subfield>
    <subfield code="e">Enviado por Academia Nacional de Ciencias </subfield>
    <subfield code="l">0</subfield>
    <subfield code="o">500.82 22 EST</subfield>
    <subfield code="p">3698</subfield>
    <subfield code="r">2016-05-10</subfield>
    <subfield code="t">Ej. 1</subfield>
    <subfield code="w">2016-05-10</subfield>
    <subfield code="y">BK</subfield>
    <subfield code="z">Ingreso Mayo 2016</subfield>
  </datafield>
</record>
